Statistics for Geography Africa Quiz 1

Click here to take the quiz!

General Stats

  • This quiz has been taken 41 times
  • The average score is 22 of 30

Answer Stats

CountryCapital% Correct
AlgeriaAlgiers
100%
EgyptCairo
100%
MoroccoRabat
100%
LibyaTripoli
100%
TunisiaTunis
100%
NigeriaAbuja
88%
SudanKhartoum
88%
KenyaNairobi
88%
EthiopiaAddis Ababa
82%
BotswanaGaborone
82%
DRCKinshasa
82%
GhanaAccra
76%
CongoBrazzaville
76%
ZimbabweHarare
76%
AngolaLuanda
76%
SomaliaMogadishu
76%
NamibiaWindhoek
76%
LiberiaMonrovia
71%
ChadN'Djamena
71%
MadagascarAntananarivo
65%
MaliBamako
65%
CARBangui
65%
MozambiqueMaputo
65%
NigerNiamey
65%
MauritaniaNouakchott
65%
CameroonYaounde
65%
South SudanJuba
59%
ZambiaLusaka
59%
TanzaniaDodama
18%
Western SaharaLaayoune
18%

Score Distribution

Percentile by Number Answered

Percent of People with Each Score

Your Score History

You have not taken this quiz